Formula One A-Z - Statistics

General Stats
  • This quiz has been taken 192 times
  • The average score is 20 of 26
Answer Stats
Letter Hint Answer % Correct
A Team formerly known as Toro Rosso which changed as of 2020 AlphaTauri
98%
I Esteban Ocon and Sergio Perez were teammates at Force… India
95%
H Previous Red Bull/AlphaTauri engine provided Honda
94%
T Country which Alexander Albon represents Thailand
94%
N Retired after winning the championship in 2016 Nico Rosberg
93%
W Team which Nicholas Latifi drives for Williams
93%
L British McLaren Youngster Lando Norris
90%
Q New track added in 2021 Qatar
90%
S Team which Charles Leclerc made his debut for Sauber
90%
V Dropped from Mercedes in favour of George Russell Valtteri Bottas
89%
P French racing legend Prost
88%
F Red. Ferrari
87%
Y Only current Japanese driver on the grid Yuki Tsunoda
87%
K Surname of the only ever Polish driver Kubica
85%
D 1996 World Champion Damon Hill
83%
R Austrian circuit name Red Bull Ring
82%
C Circuit in Austin, USA Circuit of the Americas
77%
U When a driver is struggling with steering Understeer
76%
B One hit wonder team in 2009 BrawnGP
72%
E Bernie… Ecclestone
69%
J Australian racing legend who had his own team Jack Brabham
66%
M Former F1 Driver, now a commentator Martin Brundle
62%
Z Team starting with Z Zakspeed
44%
G Charles Leclerc is the most recent driver to have a Grand Slam
40%
X Controversial sidepod-mounted Winglets first introduced by Tyrrell Racing during the 1997 F1 season X-Wings
30%
O Award Sebastian Vettel won in 2021 Overtake Award
19%
No matching quizzes found
Score Distribution
Percent of People with Each Score
Percentile by Number Answered
Your Score History
You have not taken this quiz